| 000 | 03093nam0a2200433 4500 | ||
|---|---|---|---|
| 001 | RU\NLR\BIBL_A\012559210 | ||
| 005 | 20260128132146.0 | ||
| 010 |
_a978-5-502-01398-7 _990 |
||
| 021 |
_aRU _bКН-П-21-013384 _9КН-П-21-1080 |
||
| 035 | _a(NLR Aleph) 012559210 | ||
| 090 |
_a12455393 _c12455393 |
||
| 100 | _a20210706d2020 u y0rusy50 ca | ||
| 101 | 0 | _arus | |
| 102 | _aRU | ||
| 105 | _aa z 000zy | ||
| 181 | 0 |
_ai _baxxe |
|
| 182 | 0 | _an | |
| 200 | 1 |
_aУправление технологическими процессами и производствами. Комплексная разработка систем управления _eучебное пособие для направления подготовки 15.03.04 - Автоматизация технологических процессов и производств _fЭ.М. Мончарж, Е.Г. Наумова, Н.А. Нажимова, Н.О. Кулигина _gМинистерство науки и высшего образования Российской Федерации, Федеральное государственное бюджетное образовательное учреждение высшего образования "Нижегородский государственный технический университет им. Р. Е. Алексеева", Дзержинский политехнический институт |
|
| 203 |
_aТекст _bвизуальный _cнепосредственный |
||
| 210 |
_aНижний Новгород _cНижегородский государственный технический университет им. Р.Е. Алексеева _d2020 |
||
| 215 |
_a122, [1] с. _cил. _d20 |
||
| 300 | _aАвт. указаны на обороте тит. с. | ||
| 320 | _aБиблиогр.: с. 122 (11 назв.) | ||
| 606 | 1 |
_aНефть _jУчебные издания для высших учебных заведений _xПереработка _xАСУТП _92190300 _3RU\NLR\AUTH\661316686 |
|
| 606 | 1 |
_aХимико-технологические процессы _jУчебные издания для высших учебных заведений _xАСУ _92272694 _3RU\NLR\AUTH\661362091 |
|
| 686 | 1 | _aЛ54-5-05я73-1 | |
| 686 | 1 | _aЛ11-5-05я73-1 | |
| 701 | 1 |
_aМончарж _bЭ. М. _gЭрнст Маркович |
|
| 701 | 1 |
_7ca _8rus _aНаумова _bЕ. Г. _cканд. техн. наук, иноформ. системы _gЕлена Геннадьевна _9234141 _3RU\NLR\AUTH\770234197 |
|
| 701 | 1 |
_aНажимова _bН. А. _cканд. техн. наук _gНаталья Алексеевна _92694630 _3RU\NLR\AUTH\770289250 |
|
| 701 | 1 |
_aКулигина _bН. О. _gНаталья Олеговна |
|
| 712 | 0 | 2 |
_4570 _aДзержинский политехнический институт _9729851 _3RU\NLR\AUTH\8810115306 |
| 942 | _cBOOK | ||
| 980 | _aNBR | ||
| 980 | _aNB | ||